MARC

LEADER 00000nam0a2200000 4500
001 303642
005 20231102001625.0
035 |a (RuTPU)RU\TPU\book\328869 
090 |a 303642 
100 |a 20150903d1963 km y0rusy50 ca 
101 0 |a rus 
102 |a RU 
105 |a a z 001zy 
200 1 |a Слюдинитовые электроизоляционные материалы  |f К. А. Андрианов, Л. А. Эпштейн 
210 |a Москва  |a Ленинград  |c Госэнергоиздат  |d 1963 
215 |a 231 с.  |c ил. 
225 1 |a Полимеры в электроизоляционной технике  |v Вып. 8 
320 |a Библиогр.: с. 229-231. 
606 1 |a Электроизоляционные материалы, слюдяные  |2 stltpush  |3 (RuTPU)RU\TPU\subj\20077  |9 45218 
610 1 |a слюдиниты 
610 1 |a технология 
610 1 |a изоляция 
610 1 |a низкое напряжение 
610 1 |a высокое напряжение 
610 1 |a композиционные материалы 
610 1 |a электромашиностроение 
675 |a 621.315.613  |v 3 
700 1 |a Андрианов  |b К. А. 
701 1 |a Эпштейн  |b Л. А. 
801 1 |a RU  |b 63413507  |c 20150903 
801 2 |a RU  |b 63413507  |c 20160128  |g RCR 
942 |c BK